000 00332 a2200109 4500
001 ART_51777
005 20260410162044.0
008 260409a
245 1 0 _aProyecciones en materia tributaria de la igualdad constitucional
100 1 _aGusman, Alfredo S.
773 0 _tImpuestos
_g- N°84 (sep. 2020)
_wREV45175
999 _c35158
_d35158